Normal view
MARC view
Entry Personal Name
001 - CONTROL NUMBER
- control field: 7971
003 - CONTROL NUMBER IDENTIFIER
- control field: BD-RjUL
005 - DATE AND TIME OF LATEST TRANSACTION
- control field: 20230711104915.0
008 - FIXED-LENGTH DATA ELEMENTS
- fixed length control field: 230711|| aca||aabn | a|a d
040 ## - CATALOGING SOURCE
- Original cataloging agency: BD-RjUL
- Transcribing agency: BD-RjUL
100 ## - HEADING--PERSONAL NAME
- Personal name: Saswar, Md. Halim
670 ## - SOURCE DATA FOUND
- Source citation: Work cat.: (BD-RjUL)81557: Saswar, Md. Halim, Subject Based Teacher Training Program at Higher Secondary Level in Bangladesh /, 2019